000 00256nam a2200109Ia 4500
999 _c7766
_d7766
020 _a978-0023981517
100 _aRamesh K.S. Rao
245 0 _aFundamentals of Financial Management
260 _aNew York
_bPrentice Hall
_c2000
300 _a808
942 _cBK